000 00353nam a22001457a 4500
003 OSt
005 20211223092333.0
008 211223b |||||||| |||| 00| 0 eng d
020 _a0130888931
040 _cHU
082 _a004.36TAN2005
100 _aTanenbaum
_924482
245 _aDistributed Systems Principles & Paradigms
942 _2ddc
_cBOOKS
_n0
999 _c23598
_d23598